[Event "GER-chT U20"]
[Site "Greifswald"]
[Date "2002.12.29"]
[Round "5.5"]
[White "Baisakow, Alexander"]
[Black "Hirth, Sebastian"]
[Result "1-0"]
[WhiteElo "1532"]
[BlackElo "1773"]
[PlyCount "153"]
[EventDate "2002.12.27"]
[EventType "team"]
[EventRounds "7"]
[EventCountry "GER"]
[SourceTitle "CBM 092 Extra"]
[Source "ChessBase"]
[SourceDate "2003.03.07"]
[SourceVersion "1"]
[SourceVersionDate "2003.03.07"]
[SourceQuality "1"]

1. e4 c5 2. Nf3 e6 3. d4 cxd4 4. Nxd4 Qb6 5. Nc3 Bc5 6. Na4 Qa5+ 7. c3 Bxd4 8. Qxd4 Nf6 9. Bd2 Nc6 10. Qc4 a6 11. Qb3 Nxe4 12. Be3 b5 13. Nc5 Nf6 14. Bd3 0-0 15. 0-0 Qc7 16. Qd1 Nd5 17. Bd4 Nxd4 18. cxd4 d6 19. Nb3 Bb7 20. Rc1 Qb6 21. Kh1 Rac8 22. Qh5 h6 23. Qh4 Nb4 24. Bb1 Bd5 25. Rce1 Nc2 26. Rd1 Nb4 27. Rde1 Qb7 28. Rg1 Qb6 29. Re3 Bxb3 30. axb3 Qd8 31. Qe4 g6 32. Rh3 d5 33. Qe1 Nc6 34. Rxh6 Qg5 35. Rh3 Nxd4 36. Rg3 Qf6 37. Qd2 Nf5 38. Rf3 Qd4 39. Qe2 Ng7 40. Rd1 Qb6 41. h4 Rc6 42. Rg3 Qc7 43. Bd3 Rc1 44. Rxc1 Qxc1+ 45. Kh2 Qf4 46. Qc2 Nh5 47. Bxg6 Nxg3 48. fxg3 Qf6 49. Bd3 e5 50. Be2 e4 51. Qd2 Rd8 52. Bd1 d4 53. Qe2 Qf5 54. g4 Qf4+ 55. g3 Qe3 56. Qf1 Qd2+ 57. Kh3 Rd6 58. b4 d3 59. Bb3 Rd7 60. Qf5 Re7 61. Qf6 Qxb4 62. h5 Qc5 63. g5 Qc8+ 64. g4 Re6 65. Qd4 e3 66. h6 Qf8 67. Bxe6 fxe6 68. Qxd3 Qf7 69. Qxe3 Qf1+ 70. Kg3 Qc4 71. g6 Qc7+ 72. Kh4 Qh2+ 73. Kg5 Qd6 74. h7+ Kh8 75. Qc3+ e5 76. Qc8+ Kg7 77. Qg8# 1-0

[Event "GER-chT U20"]
[Site "Greifswald"]
[Date "2002.12.28"]
[Round "3.5"]
[White "Hirth, Sebastian"]
[Black "Voelsgen, Georg"]
[Result "1-0"]
[WhiteElo "1773"]
[BlackElo "978"]
[PlyCount "79"]
[EventDate "2002.12.27"]
[EventType "team"]
[EventRounds "7"]
[EventCountry "GER"]
[SourceTitle "CBM 092 Extra"]
[Source "ChessBase"]
[SourceDate "2003.03.07"]
[SourceVersion "1"]
[SourceVersionDate "2003.03.07"]
[SourceQuality "1"]

1. e4 e5 2. Nf3 Nc6 3. Bc4 Bc5 4. c3 Nf6 5. d4 exd4 6. e5 d5 7. Bb5 Ne4 8. cxd4 Bb4+ 9. Bd2 Nxd2 10. Nbxd2 Bd7 11. Bd3 0-0 12. h3 Qe7 13. 0-0 Rfe8 14. a3 Ba5 15. b4 Bb6 16. Nb3 a6 17. Qc2 g6 18. Nc5 Bxc5 19. bxc5 Be6 20. Rab1 Reb8 21. Qc3 Ra7 22. Nd2 Qg5 23. f4 Qe7 24. Kh2 Qd7 25. g4 Qd8 26. f5 Bd7 27. Nf3 Kg7 28. Qb3 Bc8 29. Kg3 Kg8 30. Qc2 Qe8 31. Qd2 Qf8 32. Qe3 Nd8 33. fxg6 hxg6 34. h4 Ne6 35. Ng5 Nxg5 36. Qxg5 Qe8 37. h5 Kg7 38. Qf6+ Kh7 39. hxg6+ fxg6 40. Rh1+ 1-0

[Event "DSSM WK2"]
[Site "Husum"]
[Date "2002.05.10"]
[Round "2.3"]
[White "Hirth, Sebastian"]
[Black "Dransfeld, Marius"]
[Result "1-0"]
[WhiteElo "1585"]
[BlackElo "1466"]
[PlyCount "95"]
[EventDate "2002.05.10"]
[EventType "team-tourn"]
[EventRounds "7"]
[EventCountry "GER"]
[SourceTitle "CBM 088 Extra"]
[Source "ChessBase"]
[SourceDate "2002.07.01"]
[SourceVersion "2"]
[SourceVersionDate "2002.07.01"]
[SourceQuality "1"]

1. e4 e6 2. d4 d5 3. Nc3 Bb4 4. e5 c5 5. Qg4 Kf8 6. a3 Bxc3+ 7. bxc3 Nc6 8. Nf3 cxd4 9. cxd4 Nge7 10. Bd3 Bd7 11. h4 Nf5 12. Bxf5 exf5 13. Qh5 h6 14. c3 Kg8 15. Ng1 Rc8 16. Ne2 Na5 17. 0-0 Nc4 18. Qf3 Be6 19. g3 Kh7 20. Qd3 Rf8 21. g4 g6 22. g5 h5 23. Nf4 Qc7 24. Qf3 Qc6 25. Kh2 Nb6 26. Nxh5 Qxc3 27. Nf6+ Kg7 28. Qxc3 Rxc3 29. Be3 Nd7 30. Rfc1 Rfc8 31. Kg2 Rxc1 32. Rxc1 Rxc1 33. Bxc1 Nxf6 34. exf6+ Kf8 35. Kf3 Ke8 36. Ke3 Kd7 37. Kd3 Kc6 38. Kc3 b5 39. Kb4 a6 40. Ka5 Kb7 41. Bd2 Bc8 42. h5 gxh5 43. g6 fxg6 44. f7 h4 45. f8Q h3 46. Qg7+ Kb8 47. Kb6 Bb7 48. Qxb7# 1-0

[Event "GER-chT U16"]
[Site "Bensdorf"]
[Date "2001.12.30"]
[Round "7.3"]
[White "Behm, Simon"]
[Black "Hirth, Sebastian"]
[Result "1/2-1/2"]
[WhiteElo "1706"]
[BlackElo "1558"]
[PlyCount "52"]
[EventDate "2001.12.??"]
[EventType "team-tourn"]
[EventRounds "7"]
[EventCountry "GER"]
[SourceTitle "EXT 2003"]
[Source "ChessBase"]
[SourceDate "2002.11.25"]
[SourceVersion "1"]
[SourceVersionDate "2002.11.25"]
[SourceQuality "1"]

1. d4 d5 2. c4 e6 3. Nc3 Be7 4. Nf3 Nf6 5. Bg5 Nbd7 6. e3 c6 7. Rc1 0-0 8. Bd3 dxc4 9. Bxc4 b5 10. Bd3 Bb7 11. 0-0 a6 12. Qe2 c5 13. dxc5 Nxc5 14. Bb1 Rc8 15. Rfd1 Qb6 16. e4 Rfe8 17. Be3 b4 18. Na4 Qa5 19. Nxc5 Bxc5 20. Bf4 Bc6 21. Bd3 Bb5 22. Bxb5 Qxb5 23. Qxb5 axb5 24. Nd2 Red8 25. Nb3 Nxe4 26. Nxc5 Nxc5 1/2-1/2